LEADER 01270nam a2200277 u 4500 001 000000108990 003 CaOOAMICUS 005 20080111121741.0 008 080111s2007 gw a u000 u ger u 020 $z978-3-451-26903-8* 040 $aPUL$bita$dLDB 130 00$aBiblia.$pV.T.$kGruppi, scelte.$lTedesco.$0(OLS)http://pul/title/103434 245 10$aGenesis 37-50 /$cÜbersetzt und ausgelegt von Jürgen Ebach. 260 $aFreiburg ;$aBasel ;$aWien :$bHerder,$c2007. 300 $a729 p. :$bill. ;$c25 cm. 490 1 $aHerders Theologischer Kommentar zum Alten Testament 630 04$aBiblia.$pV.T.$pGenesis.$nXXXVII-L$xCritica e interpretazione.$0(OLS)http://pul/subject/14741 700 1 $aEbach, Jürgen Helmut,$d1945-$0(OLS)http://pul/name/31126 830 0$aHerders Theologischer Kommentar zum Alten Testament.$0(OLS)http://pul/title/110260 850 $aPUL 852 $aPUL$W1$xSL Religione 3$y85$m221. 7 COLL 1.6$j124372$qDDC 21$B123202$CPULBib$Z2$F123202 $H106172 $82 941 1 $a9 983 0$aHThKAT. 996 $6020$z978-3-451-26903-8*$9(OLS)http://pul/number/136693 996 $6245$aGenesis 37-50$9(OLS)http://pul/title/137144 996 $6260$aFreiburg ;$aBasel ;$aWien :$bHerder$9(OLS)http://pul/publisher/48104 LEADER 01365cam a2200325 a 4500 001 000000143881 003 CaOOAMICUS 005 20150608095820.0 008 150608s2003 it 001 0dita r 020 $z8821163857* 040 $aPUL$bita 082 04$a261.8 100 1 $aBosio, Rodolfo.$0(OLS)http://pul/name/92428 245 10$aImprenditori con Gesù :$bfede e mercato /$cRodolfo Bosio ; prefazione di Franzo Grande Stevens. 260 $aGenova :$bMarietti 1820,$c©2003. 300 $a158 p. ;$c21 cm 490 1 $aL'eco ;$v16 500 $aInclude indice e bibliografia in nota. 650 4$aChiesa e questioni sociali.$0(OLS)http://pul/subject/1339 650 4$aChiesa e società$ySec. XX.$0(OLS)http://pul/subject/39567 700 1 $aGrande Stevens, Franzo.$0(OLS)http://pul/name/92429 830 2$aL'eco ;$v16.$0(OLS)http://pul/title/90756 850 $aPUL 852 $aPUL$W1$xDP2 Religione 3$y114$m261. 8 BOSRO 1$j165943$a2. rist. del 2003$qDDC 21$B166371$CPULBib$Z2$F166371 $H126046 $82 941 1 $a9 996 $6020$z8821163857*$9(OLS)http://pul/number/157792 996 $6082$a261.8$9(OLS)http://pul/classification/367 996 $6245$aImprenditori con Gesù :$bfede e mercato$9(OLS)http://pul/title/182025 996 $6260$aGenova :$bMarietti 1820$9(OLS)http://pul/publisher/58085